Research Methodology in Business Management/ (Record no. 165263)

MARC details
000 -LEADER
fixed length control field 00756nam a22002297a 4500
005 - DATE AND TIME OF LATEST TRANSACTION
control field 20190612153745.0
010 ## - LCCN (DPL NO)
LC control number ENG-125547
020 ## - INTERNATIONAL STANDARD BOOK NUMBER
Terms of availability 250.00
035 ## - SYSTEM CONTROL NUMBER
System control number EN-109079
037 ## - SOURCE OF ACQUISITION
Source of stock number/acquisition DBAD/PUB
082 ## - DEWEY DECIMAL CLASSIFICATION NUMBER
Classification number 650.072054
100 ## - MAIN ENTRY--PERSONAL NAME
Personal name Prabhu, R.
245 ## - TITLE STATEMENT
Title Research Methodology in Business Management/
Statement of responsibility, etc by R. Prabhu, T. Raju, [and] V. Krishnapriya
260 ## - PUBLICATION, DISTRIBUTION, ETC. (IMPRINT)
Place of publication, distribution, etc Chennai
Name of publisher, distributor, etc Vijay Nicole Imprint
Date of publication, distribution, etc 2018
270 ## - ADDRESS
Address No.936, second floor, jayadurga Complex, bazar Road, Ram Nagar
City Chennai
Electronic mail address vni@vijaydurganicole.co.in
300 ## - PHYSICAL DESCRIPTION
Extent xi,358p.
Dimensions 24cm(pbk)
500 ## - GENERAL NOTE
General note include bibliography reference and index
700 ## - ADDED ENTRY--PERSONAL NAME
Personal name R. Prabhu
700 ## - ADDED ENTRY--PERSONAL NAME
Personal name T. Raju
700 ## - ADDED ENTRY--PERSONAL NAME
Personal name V. Krishnapriya
942 ## - ADDED ENTRY ELEMENTS (KOHA)
Source of classification or shelving scheme Dewey Decimal Classification
Item type English Books
Classification part 650.072054
Call number suffix PRA
Holdings
Withdrawn status Lost status Not for loan Collection code Home library Current library Date acquired Source of acquisition Cost, normal purchase price Full call number Barcode Copy number Cost, replacement price Koha item type
      Non-fiction Sarojini Nagar Sarojini Nagar 12/06/2019 DBAD/PUB 250.00 650.072054 PRA EN-109079 1 250.00 English Books

© Delhi Public Library
Hit Counter
free hit counter